Movies Quiz

Random Movies or Disney Quiz

Oscar nominated Disney Animation Quiz Stats

 Plays Quiz not verified by Sporcle

Score 0/34 Timer 10:00
0 Plays Today
Year Movie % Correct
1991Beauty and the Beast
87.4%
1950Cinderella
87%
1989The Little Mermaid
86%
1994The Lion King
86%
1992Aladdin
85.6%
1937Snow White and the Seven Dwarfs
85.1%
1942Bambi
83.7%
2013Frozen
82.4%
1941Dumbo
81.4%
1959Sleeping Beauty
80.5%
2009The Princess and the Frog
79.1%
1998Mulan
78.6%
1999Tarzan
76.7%
1995Pocahontas
75.8%
2010Tangled
75.3%
1940Pinocchio
73.5%
2014Big Hero 6
73.2%
Year Movie % Correct
2016Moana
71.7%
1997Hercules
71.6%
1996The Hunchback of Notre Dame
69.3%
1967The Jungle Book
68.4%
2012Wreck-It Ralph
66.7%
1977The Rescuers
66.5%
2008Bolt
65.6%
2016Zootopia
65.2%
1973Robin Hood
64.7%
1951Alice in Wonderland
63.3%
2000The Emperor's New Groove
61.9%
2002Lilo & Stitch
60.9%
2003Brother Bear
60%
2002Treasure Planet
56.3%
1963The Sword in the Stone
54.9%
1943Saludos Amigos
52.1%
1945The Three Caballeros
49.3%

You're not logged in!

Compare scores with friends on all Sporcle quizzes.
OR
Log In

You Might Also Like...

Show Comments

Extras

Top Quizzes Today


Score Distribution

Your Account Isn't Verified!

In order to create a playlist on Sporcle, you need to verify the email address you used during registration. Go to your Sporcle Settings to finish the process.

Report this User

Report this user for behavior that violates our Community Guidelines.

Details: